| 000 | 00628cam a2200241 4500 | ||
|---|---|---|---|
| 008 | 090401t1998 xxu||||| |||| 00| 0 eng d | ||
| 020 | _a0419241205 | ||
| 035 | _a(Sirsi) u88293 | ||
| 041 | _aeng | ||
| 050 | _a624.05 | ||
| 245 | _aSpon`s civil engineering and highway works price book 1999. | ||
| 250 | _a13th ed. | ||
| 260 |
_aLondon _bE & F N Spon _c1998 |
||
| 300 | _axxi,624p. ; 24cm. | ||
| 350 | _a97.5 | ||
| 650 | _aBUILT ENVIRONMENT-BUILDING COSTS | ||
| 650 | _aCIVIL ENGINEERING | ||
| 650 | _aHIGHWAY WORKS | ||
| 650 | _aBUILDING PRICE BOOKS | ||
| 700 |
_h _xEditor |
||
| 942 | _n0 | ||
| 948 | _c03/09/1998 | ||
| 999 |
_c97325 _d97325 |
||